State Bank of India: (Record no. 152948)

MARC details
000 -LEADER
fixed length control field 00740nam a22001937a 4500
005 - DATE AND TIME OF LATEST TRANSACTION
control field 20180621172401.0
010 ## - LCCN (DPL NO)
LC control number B-461748
020 ## - INTERNATIONAL STANDARD BOOK NUMBER
International Standard Book Number 9788190799485
Terms of availability 305.00
035 ## - SYSTEM CONTROL NUMBER
System control number B-461748
037 ## - SOURCE OF ACQUISITION
Source of stock number/acquisition Virtuous Publications
082 ## - DEWEY DECIMAL CLASSIFICATION NUMBER
Classification number 000
100 ## - MAIN ENTRY--PERSONAL NAME
Personal name Kant, Heera
245 ## - TITLE STATEMENT
Title State Bank of India:
Remainder of title Clerical Entrance Exam Solved Practice Papers/
Statement of responsibility, etc Kant, Heera
260 ## - PUBLICATION, DISTRIBUTION, ETC. (IMPRINT)
Place of publication, distribution, etc New Delhi
Name of publisher, distributor, etc Virtuous Publications
Date of publication, distribution, etc 2010
270 ## - ADDRESS
Address A-8, Housiery Complex, Phase-II Extension Noida 201305, U.P.,INDIA
City New Delhi
Postal code 201305
300 ## - PHYSICAL DESCRIPTION
Extent 371p.
Dimensions 23cm(pb)
942 ## - ADDED ENTRY ELEMENTS (KOHA)
Source of classification or shelving scheme Dewey Decimal Classification
Item type English Books
Classification part 000
Call number suffix HEE

No items available.


© Delhi Public Library
Hit Counter
free hit counter